Nálada stúpa, ale neistota pretrváva

Skutočný stav ekonomiky a súčasná situácia finančného sektoru. Expanzívna politika americkej centrálnej banky FED. Dlhopisy s vysokými kupónmi tzv. High Yields. Správy z fondov peňažného trhu. Možné varianty budúceho vývoja. Ceny akcií a makroekonomické problémy. Spotrebitelia a úloha vlády na poli...

Descrizione completa

Salvato in:
Dettagli Bibliografici
Autore principale: Karlsbol, David
Natura: Capitolo di libro
Lingua:slovacco
Soggetti:
Tags: Aggiungi Tag
Nessun Tag, puoi essere il primo ad aggiungerne!!

MARC

LEADER 00000naa$a2200000$$$4500
001 0102807
005 20231006123328.7
041 0 |a slo 
044 |a SK 
245 1 0 |a Nálada stúpa, ale neistota pretrváva  |c David Karlsbol 
520 |a Skutočný stav ekonomiky a súčasná situácia finančného sektoru. Expanzívna politika americkej centrálnej banky FED. Dlhopisy s vysokými kupónmi tzv. High Yields. Správy z fondov peňažného trhu. Možné varianty budúceho vývoja. Ceny akcií a makroekonomické problémy. Spotrebitelia a úloha vlády na poli výdavkov. Neistota a volatilita na trhoch. 
610 2 0 |a kríza hospodárska 
610 2 0 |a trh finančný medzinárodný 
610 2 0 |a volatilita 
610 2 0 |a fondy akciové 
610 2 0 |a spotrebitelia 
610 2 0 |a papiere cenné 
610 2 0 |a deficit 
610 2 0 |a banky centrálne 
100 1 |a Karlsbol, David